Women's Employment in Japan (Record no. 1319124)

MARC details
000 -LEADER
fixed length control field 00587nam a2200205Ia 4500
005 - DATE AND TIME OF LATEST TRANSACTION
control field 20250507130336.0
008 - FIXED-LENGTH DATA ELEMENTS--GENERAL INFORMATION
fixed length control field 008 250505s9999 xx 000 0 eng d
020 ## - INTERNATIONAL STANDARD BOOK NUMBER
International Standard Book Number 0-7007-1743-9
037 ## - SOURCE OF ACQUISITION
Stock number Annuals, Advances
040 ## - CATALOGING SOURCE
Original cataloging agency EASL
Language of cataloging eng
Transcribing agency EASL
041 ## - LANGUAGE CODE
Language code of text/sound track or separate title eng
Source of code eng
084 ## - COLON CLASSIFICATION NUMBER
Classification number X:9F,5.42, P3
Assigning agency EASL
100 ## - MAIN ENTRY--PERSONAL NAME
Personal name Broadbent Kaye Au.
9 (RLIN) 665097
245 #0 - TITLE STATEMENT
Title Women's Employment in Japan
260 ## - PUBLICATION, DISTRIBUTION, ETC.
Place of publication, distribution, etc. UK
Name of publisher, distributor, etc. London Routledge
Date of publication, distribution, etc. 2003
300 ## - PHYSICAL DESCRIPTION
Extent viii,168p.
490 ## - SERIES STATEMENT
Series statement Women in Asia
Volume/sequential designation V.1
942 ## - ADDED ENTRY ELEMENTS (KOHA)
Koha item type Textual
Classification part X:9F,5.42, P3

No items available.

Copyright @ Delhi University Library System